Quiz sur le film Harry Potter et le Prisonnier d'Azkaban - Statistiques

Statistiques générales
  • Ce quiz a été pris 95 fois
  • Le résultat moyen est 9 sur 19
Statistiques - réponses
Information Réponse % Correct
Actrice (HG) Emma Watson
91%
Acteur (RW) Rupert Grint
86%
Acteur (HP) Daniel Radcliffe
85%
Année de sortie 2004
68%
Acteur (SR) Alan Rickman
65%
Acteur (SB) Gary Oldman
57%
Titre original Harry Potter and the Prisoner of Azkaban
55%
Scénariste Steve Kloves ( D'après le livre de JK Rowling)
45%
Acteur (AD) Michael Gambon
42%
Actrice (ST) Emma Thompson
41%
Distributeur Warner Bros
41%
Réalisateur Alfonso Cuarón
38%
Producteur David Heyman, Chris Columbus et Mark Radcliffe
36%
Musiques John Williams
31%
Acteur (RL) David Thewlis
27%
Durée 142 minutes
23%
Acteur (PP) Timothy Spall
20%
Budget 130 000 000 $
11%
Entrée au box office (France) 7 138 546 entrées
1%
Aucun quiz correspondant
Distribution des résultats
% des personnes avec chaque résultat
Percentile par nombre de réponses
Votre historique - résultats
Vous n’avez pas pris ce quiz